000 00323nam a2200145Ia 4500
008 191201s2010 xx 000 0 und d
082 _a658
_bROM
100 _aROBBINS,Stephen P
245 0 _aManagement
250 _aIMP 1st
260 _aN. delhi
_bpearson
_c2010
300 _a544
650 _aBBA
942 _2ddc
_cBK
_05
999 _c4549
_d4549